00940nam a2200277Ia 450000500170000000800410001702000150005808200170007310000210009024500720011125000190018330000430020249000300024550000440027560000280031965000370034765000400038465000310042465000350045570000180049026400310050833600270053933700330056633800280059904000350062720220317000633.0160601s2003 ck a g 000 0 spa  a958682505104a925.8 bL35v1 aValdés, Javier10aEl ordenador del mundo bCarl Linne cJavier Valdés, Hilda Flores a1a. edición  a101 páginas bilustraciones c21 cm  aViajeros del conocimiento aIncluye índice análitico y glosario14aLinne, Carl d1707-1778142LEMBaBotánicos vBiografía 142LEMBaBotánica xInvestigaciones 142LEMBaTaxonomía vegetal 142LEMBaTaxonomía zoológica 1 aFlores, Hilda aBogotá bAlfaomegac2003 atextobtxt2rdacontent asin mediaciónbn2rdamedia avolumenbnc2rdacarrier aCO-BoRNBPbspaerdacCO-BoRNBP